000 00837nam a22002297a 4500
005 20190111080934.0
008 130821s1989 xxu gr eng
020 _a0822959267
020 _a9780822959267
040 _aCo-BoUCM
_bspa
_cSaul Niño (Modificó)
_d[Nuevo]
041 0 0 _aeng
100 1 _aSalmon, Wesley C.
_995080
245 1 0 _aFour decades of scientific explanation
_cWesley C. Salmon ; foreword by Paul Humphreys
260 _aMinneapolis (Minnesota, Estados Unidos)
_bUniversity of Minnesota Press
_c1989
300 _axiv, 234 páginas
650 0 4 _aCiencias naturales
_910813
650 0 4 _aFilosofía de la ciencia
_xHistoria
_915753
650 0 4 _aMetodología científica
_xHistoria
_919434
700 1 0 _aHumphreys, Paul
_995081
942 _cLIBRO
_a25
_e1
_mS172f
_2DEWEY
_h501
999 _c90642
_d90642